Geography Quiz

Random Geography or City Quiz

STATE CAPITALS QUIZ Stats

 Plays Quiz not verified by Sporcle

Support Sporcle.
Go Orange.
Score 0/50 Timer 17:00
0 Plays Today
Clue City % Correct
Alphabetically first state capitalAlbany
72.9%
Music City USANashville
63.9%
Only state capital that starts with FFrankfort
58.3%
Easternmost capital in the United StatesAugusta
56.8%
Only capital with 3 words in its nameSalt Lake City
53%
Of the capitals named after presidents the one that is furthest WestLincoln
48.5%
Of the capitals with the word city in their name the one that is alphabetically firstCarson City
47.4%
Only one word state capital that ends in KBismarck
45.7%
Largest population (metropolitan)Atlanta
44.4%
Largest population (city proper)Phoenix
44.4%
The Seminoles play hereTallahassee
43.8%
Primary site of civil rights movement and a famous bus boycottMontgomery
43.4%
Prior to 9/11 the most destructive act of terrorism in the US took place hereOklahoma City
42.9%
Only state capital to border another countryJuneau
42.1%
Kurt Cobain lived here and the band Hole has a song named after the cityOlympia
41.2%
Alphabetically last state capitalTrenton
40.6%
Largest population without also being largest city in the stateAustin
40.6%
Only state capital with no letters in common with state that it is inPierre
35.9%
Longest continuosly serving capital in the USBoston
35.5%
State capital with the most letters in its nameJefferson City
35.3%
Least populous also only one whose name starts with the last 4 letters of the state that it is inMontpelier
35%
In 1957 President Eisenhower sent National Guard troops here to ensure the safety of 9 students attempting to integrate a schoolLittle Rock
34%
One word State Capital with longest nameIndianapolis
33.8%
Blue Turf (nuff said)Boise
32.1%
Founded by Roger WilliamsProvidence
31.8%
Clue City % Correct
The most significant Nuclear accident in America's history happened 30 years ago outside of this cityHarrisburg
31.2%
Of the alliterative state capitals the one that is alphabetically firstDover
30.8%
The board of education was famously sued here in the 1950'sTopeka
30.3%
Second highest elevated state capitalCheyenne
28.8%
Captured and burned by General Sherman in the civil warColumbia
28.8%
Pierre Le Moyne d'Iberville gave this city its nameBaton Rouge
28.4%
The 'Insurance Capital of the World' Hartford
28%
Originally named after John C. Calhoun, its most famous resident was the Great EmancipatorSpringfield
27.6%
Its where Patrick Henry said 'Give Me Liberty or Give Me Death'Richmond
27.1%
The Bee is its primary newspaperSacramento
26.3%
3rd oldest capital in the US and has the oldest capital building still in useAnnapolis
26.1%
The NY Times said if you have any desire to witness presidential candidates in the most up close and intimate settings there is no better place to go then here..Des Moines
25%
Home to the only royal palace used by an official monarch in the United StatesHonolulu
23.9%
The 2006 Stanley Cup Champions play hereRaleigh
23.3%
The name of this city comes from the semitic words for peaceSalem
23.1%
Only capital that is states largest city w/o being largest metropolitan area as wellColumbus
22.4%
Teacher/Astronaut Christa McAuliffe and former President Franklin Pierce lived hereConcord
22.2%
Only city to reject the Olympics after being selected to host, the games were moved to Innsbruck, Austria that year insteadDenver
21.4%
Longest serving capital (predates US)Santa Fe
20.3%
Stuart Smalley is one of their SenatorsSaint Paul
19.2%
The airport here was named after Medgar EversJackson
19%
One of the most 'liberal' capital cities in America it is the birthplace of Progressive magazineMadison
17.3%
Only capital that is not the county seat of the county it is inLansing
15%
The Kanawha and Elk rivers meet in this state capitalCharleston
13.9%
The one city I haven't listed yet ;)Helena
12%

You're not logged in!

Compare scores with friends on all Sporcle quizzes.
OR
Log In

From the Vault

Mini Paint-By-Numbers X

by sproutcm

If these mini-paintings get any smaller, you'll need a microscope to work on them.
Remove Ads.
Support Sporcle.
Get the best of Sporcle when you Go Orange. This ad-free experience offers more features, more stats, and more fun while also helping to support Sporcle. Thank you for becoming a member.

Show Comments

Extras

Top Quizzes Today


Score Distribution

Your Account Isn't Verified!

In order to create a playlist on Sporcle, you need to verify the email address you used during registration. Go to your Sporcle Settings to finish the process.

Report this User

Report this user for behavior that violates our Community Guidelines.

Details: